Normal view
MARC view
- Supervisor: Dr. Fahad Azad
Entry Personal Name
001 - CONTROL NUMBER
- control field: 132660
003 - CONTROL NUMBER IDENTIFIER
- control field: NUST
005 - DATE AND TIME OF LATEST TRANSACTION
- control field: 20260101100404.0
008 - FIXED-LENGTH DATA ELEMENTS
- fixed length control field: 260101|| aca||aabn | a|a d
040 ## - CATALOGING SOURCE
- Original cataloging agency: NUST
- Transcribing agency: NUST
100 ## - HEADING--PERSONAL NAME
- Personal name: Supervisor: Dr. Fahad Azad
670 ## - SOURCE DATA FOUND
- Source citation: Work cat.: (NUST): Perveen, Saima 132659, Realization of Colossal Permittivity in Ferrite-based Nanocomposites for Multifunctional Applications/
